000 00813nas a2200265 4500
001 BR2015007210
003 BR-BrBNA
005 20231205130002.0
007 ta
008 230509b bl.|||p| |||| 00| 00por d
040 _aBR-BrBNA
_bpor
_cBiblioteca Nacional de Agricultura
041 _a(En)
072 _aP33
100 1 _aCarrizo, M.E.
100 1 _aAlesso, C.A.
100 1 _aCosentino, D.
100 1 _aImhoff, S.
245 1 _aAggregation agents and structural stability in soils with different texture and organic carbon contents
650 _aANÁLISE DO SOLO
650 _aCARBONO
650 _aPLANTIO DIRETO
773 0 _tScientia Agricola (Brazil)
_xISSN 0103-9016
_g(Jan-Feb 2015), v. 72(1) p. 75-82
_wBR2015007210
909 _a202311
_bLúcia
_c55
_dLúcia Elande
942 _2AGRIS
_n0
_cANA
999 _c247278
_d247278